Iufro information service for developing countries (Registro nro. 1291)

Detalles MARC
000 -CABECERA
Campo de control 00769nam a2200217 a 4500
005 - FECHA Y HORA DE LA ULTIMA TRANSACCION
Campo de control 20171121111525.0
008 - ELEMENTOS DE LONGITUD FIJA—INFORMACION GENERAL
Campo de control 140226b1989 eng||||| |||| 00| 0 eng d
040 ## - FUENTE DE CATALOGACIÓN
Agencia catalogadora original CO-BoIAVH
Agencia transcriptora CO-BoIAVH
041 0# - IDIOMA
Código de idioma para texto/pista de sonido o título separado Inglés
044 ## - PAÍS DE PUBLICACIÓN
País de publicación Inglaterra
082 04 - NUMERO DE CLASIFICACION DECIMAL DEWEY
Número de clasificación 577.3
Número del ítem C11i
110 2# - ASIENTO PRINCIPAL--NOMBRE CORPORATIVO
9 (RLIN) 11660
Nombre corporativo o de jurisdicción como elemento de entrada CAB International
Unidad subordinad CAB International
245 10 - MENCION DE TITULO
Título Iufro information service for developing countries
Parte restante del título selected from 'Forestry Abstracts and Forest Products Abstracts'
260 ## - PUBLICACION, DISTRIBUCION, ETC. (PIE DE IMPRENTA)
Lugar de publicación, distribución, etc. Vienna :
Nombre del editor, distribuidor, etc. World Bank,
Fecha de publicación, distribución, etc. 1989.
300 ## - DESCRIPCION FISICA
Extensión 2 volúmenes. ;
Otros detalles físicos ilustraciones :
Dimensiones 30 x 21 cm.
505 ## - NOTA DE CONTENIDO
Nota de contenido Vol. 1: Documento borrador
505 ## - NOTA DE CONTENIDO
Nota de contenido Vol. 2: Documento final
650 #6 - ASIENTO SECUNDARIO DE MATERIA - TERMINO TEMATICO
Término temático o nombre geográfico como elemento de entrada Plantacion forestal
Subdivisión general Investigación
9 (RLIN) 50121
650 #6 - ASIENTO SECUNDARIO DE MATERIA - TERMINO TEMATICO
Término temático o nombre geográfico como elemento de entrada Productos forestales
Subdivisión general Investigación
9 (RLIN) 50122
942 ## - ELEMENTOS ADICIONALES (KOHA)
Tipo de ítem Libro
Sistema de clasificación Dewey Decimal Classification
Existencias
Withdrawn status Lost status Sistema de Clasificación Damaged status No para préstamo Colección Inventariado Ubicación Permanente Ubicación actual Fecha de adquisición Fuente de Valor Total Checkouts Número topográfico Inventario / Código de Barras Date last seen Ejemplar Price effective from Tipo de material
    Dewey Decimal Classification     General Inventariado 2017 Bogotá Bogotá 01/05/1999 Instituto Nacional de los Recursos Naturales Renovables y del Medio Ambiente   LB-577.3 C11i 001733 04/12/2012 V. 1 Ej. 1 04/12/2012 Libro